Účtovné výkazy a ich analýza v sústave podvojného účtovníctva
V sústave podvojného účtovníctva účtovná závierka pozostáva zo základných výkazov - súvaha, výkaz ziskov a strát, ale aj z prílohy k súvahe a výkazu ziskov a strát. Charakteristika jednotlivých výkazov. Ukazovatele súvahy. Ukazovatele výkazu ziskov a strát. Výkaz o peňažných tokoch (cash flow). Poje...
Salvato in:
| Autore principale: | |
|---|---|
| Natura: | Capitolo di libro |
| Lingua: | slovacco |
| Soggetti: | |
| Tags: |
Nessun Tag, puoi essere il primo ad aggiungerne!!
|
MARC
| LEADER | 00000naa a2200000 4500 | ||
|---|---|---|---|
| 001 | r021317 | ||
| 005 | 20230912111220.2 | ||
| 041 | 0 | |a slo | |
| 044 | |a SK | ||
| 245 | 1 | 0 | |a Účtovné výkazy a ich analýza v sústave podvojného účtovníctva |c Ľudmila Kalafutová |
| 520 | |a V sústave podvojného účtovníctva účtovná závierka pozostáva zo základných výkazov - súvaha, výkaz ziskov a strát, ale aj z prílohy k súvahe a výkazu ziskov a strát. Charakteristika jednotlivých výkazov. Ukazovatele súvahy. Ukazovatele výkazu ziskov a strát. Výkaz o peňažných tokoch (cash flow). Pojem cash flow. Príklad malej firmy. Hodnotenie výsledkov podnikania. | ||
| 610 | 2 | 0 | |a závierka účtovná |
| 610 | 2 | 0 | |a výkazy účtovné |
| 610 | 2 | 0 | |a výkaz ziskov a strát |
| 610 | 2 | 0 | |a účtovníctvo podvojné |
| 610 | 2 | 0 | |a ukazovatele |
| 610 | 2 | 0 | |a súvaha |
| 610 | 2 | 0 | |a cash flow |
| 610 | 2 | 0 | |a pojmy |
| 610 | 2 | 0 | |a prípady účtovné |
| 610 | 2 | 0 | |a firmy |
| 610 | 2 | 0 | |a výsledok hospodársky |
| 610 | 2 | 0 | |a rozbory činnosti hospodárskej |
| 100 | 1 | |a Kalafutová, Ľudmila | |